Morálne princípy L. N. Tolstého

Bibliographic Details
Main Author: Pažítková, Dominika (Author)
Format: Book
Language:Slovak
PhysicalDescription:149 stán faksimílie, fotografie, portréty 21 cm
Published: Ružomberok VERBUM 2017
ISBN:9788056104798
Subjects:

MARC

LEADER 00000cam a2200000 4500
001 vtls011718334
003 SK-MaSNL
005 20260301142102.0
008 200104s2017 xo hoc g n 000 0dslo
015 |a SNBA2018/02 
020 |a 9788056104798  |q (brožované) 
035 |a urn:nbn:sk:snk-am00d22m 
035 |a urn:nbn:sk:snk-am3hj1z 
035 |a 78544936-86EC-4644-8738-377B06B45A2D 
040 |a SNK  |b slo  |c SNK  |e rda 
041 0 |a slo 
044 |a xo  |c SK 
072 7 |a 17  |x Etika. Morálna filozofia  |2 konspekt 
072 7 |a 82  |x Literatúra. Literárny život  |2 konspekt 
080 |a (048.8)  |2 2011 
080 |a 17  |2 2011 
080 |a 17.022.1  |2 2011 
080 |a 821.161.1-051  |2 2011 
080 |a 82-026.12  |2 2011 
100 1 |a Pažítková, Dominika  |4 aut  |9 497138 
245 1 0 |a Morálne princípy L. N. Tolstého  |c Dominika Pažítková 
264 1 |a Ružomberok  |b VERBUM  |c 2017 
300 |a 149 stán  |b faksimílie, fotografie, portréty  |c 21 cm 
336 |a text  |b txt  |2 rdacontent 
337 |a bez média  |b n  |2 rdamedia 
338 |a zväzok  |b nc  |2 rdacarrier 
500 |a Publikácia je súčasťou projektu 017KU-4/2014, Progresívne prvky v materiáloch Učiteľského ústavu na území Slovenska a ich aplikácia pre pedagogiku a odborové didaktiky 21. storočia 
504 |a Bibliografia na strane 131-139 ; biblografické odkazy 
600 1 7 |a Tolstoj, Lev Nikolajevič,  |d 1828-1910  |2 SNKMA  |9 14566 
650 0 7 |a etické a morálne aspekty  |2 SNKPH  |9 3843 
650 0 7 |a morálne hodnoty  |2 SNKPH  |9 67897 
650 0 7 |a ruskí spisovatelia  |2 SNKPH  |9 3768 
650 0 7 |a Ethical and moral aspects  |2 SNKPHeng  |9 357791 
650 0 7 |a Moral values  |2 SNKPHeng  |9 313773 
650 0 7 |a Russian writers  |2 SNKPHeng  |9 292502 
650 0 7 |a literárna činnosť  |2 SNKPH  |9 67286 
650 0 7 |a Literary activities  |2 SNKPHeng  |9 302802 
655 7 |a monografie  |2 SNKPH  |9 70139 
655 7 |a Monographs  |2 SNKPHeng  |9 120675 
919 |a 978-80-561-0479-8 
958 |a NB 
958 |a SP 
999 |c 769092  |d 771022 
952 |a SNK  |b SNK  |y PREZ  |7 0  |p 17A1306596  |o snkSC 177424  |i snk2018/178  |8 0  |0 0  |1 0  |4 0  |d 2018-01-05  |f 1  |l 0  |r 2025-09-18 00:00:00  |w 2026-02-24 
952 |a SNK  |b SNK  |y VYP  |7 0  |p 17A1306597  |o snkSC 177424 D1  |i snk2018/179  |8 0  |0 0  |1 0  |4 0  |d 2018-01-05  |l 0  |r 2026-02-24 00:29:49  |w 2026-02-24